| Tag |
First Indicator |
Second Indicator |
Subfields |
| LEADER |
00000cam a2200000 a 4500 |
| 001 |
in00001459521 |
| 005 |
20151020163548.0 |
| 008 |
981112s1998 gw gh b 101 0dger c |
| 019 |
|
|
|a 40292167
|a 40367434
|
| 035 |
|
|
|a (OCoLC)ocm41322226
|
| 035 |
|
|
|z BLC 199811
|
| 035 |
|
|
|9 AJC4647AM
|
| 040 |
|
|
|a HMU
|c HMU
|d CUV
|d NOC
|d ZGM
|d OCLCQ
|d OHX
|d TXA
|d UtOrBLW
|
| 041 |
0 |
|
|a ger
|a eng
|
| 042 |
|
|
|a pcc
|
| 049 |
|
|
|a TXAM
|
| 050 |
|
4 |
|a ML410.B16
|b C325 1998
|
| 072 |
|
7 |
|a ML
|2 lcco
|
| 245 |
0 |
0 |
|a Carl Philipp Emanuel Bach, Musik für Europa :
|b Bericht über das Internationale Symposium vom 8. März bis 12. März 1994 im Rahmen der 29. Frankfurter Festtage der Musik an der Konzerthalle "Carl Philipp Emanuel Bach" in Frankfurt (Oder) /
|c herausgegeben von Hans-Günter Ottenberg im Auftrag der Konzerthalle "C.P.E. Bach".
|
| 246 |
3 |
0 |
|a Musik für Europa
|
| 250 |
|
|
|a 1. Aufl.
|
| 264 |
|
1 |
|a Fran[k]furt (Oder) :
|b Die Konzerthalle,
|c 1998.
|
| 300 |
|
|
|a 543 pages :
|b facsimiles, music ;
|c 21 cm.
|
| 336 |
|
|
|a text
|b txt
|2 rdacontent
|
| 337 |
|
|
|a unmediated
|b n
|2 rdamedia
|
| 338 |
|
|
|a volume
|b nc
|2 rdacarrier
|
| 490 |
1 |
|
|a Carl-Philipp-Emanuel-Bach-Konzepte. Sonderband ;
|v 2
|
| 500 |
|
|
|a List of C.P.E. Bach's works pages 518-522.
|
| 500 |
|
|
|a Erratum inserted.
|
| 546 |
|
|
|a German and English.
|
| 504 |
|
|
|a Includes bibliographical references and indexes.
|
| 505 |
1 |
|
|a Absolutismus, Aufklärung, Bürgertum. Grundlagen deutscher Geschichte in der Hälfte des 18. Jahrhunderts / P. Münch -- Acht Fragen an Wissenschaft und Praxis "in Sachen C.P.E. Bach" / H.-G. Ottenberg -- Fragen zum Stand der C.-P.-E.-Bach-Forschung / W. Salmen -- Beharrungsvermögen und Grenzüberschreitung. Zur sozialen Stellung des Musikers im 18. Jahrhyndert / H.-G. Ottenberg -- Liebhaber, Kenner and C.P.E. Bach in the musical philosophy of the Enlightenment / E. Eugene Helm -- Die pièces caractèristiques des C.P.E. Bach / Ingeborg Allihn -- Der os̈terreichische Botschafter Gottfried van Swieten, das Berliner Musikleben 1771-1777 und die Musik C.P.E. Backs / G. Busch -- C.P.E. Bach als Bearbeiter, Herausgeber und Werber der Kunst der Fuge / P. Schleuning -- C.P.E. Bach als Briefschreiber / R. Angermüller -- C.P.E. Bach as a publisher of his own works / Stephen L. Clark -- Die Staats- und Gelehrte Zeitung de Hamburgischen unpartheyischen Correspondenten als unerläβliche Informationsquelle über C.P.E. Bach / E. Suchalla -- Beginnings and endings : C.P.E. Bach's keyboard sonatas revisited / Susan Wollenburg -- Die Orgelsonaten C.P.E. Bachs / D.M. Berg -- Die Klavierkonzerte C.P.E. Bachs im Kontext der zeitgenössischen Gallungsgeschichte in Norddeutschland / Arnfried Edler -- Johann Christian Bach und das Magnificat Wq 215/H 772 seines Bruders / Konrad Küster -- Autorisierte und nicht autorisierte Ausgaben der Musik von C.P.E. Bach / Rachel W. Wade -- Toward a comprehensive C.P.E. Bach chronology : Schrift-Chronologie and the issue of Bach's "late hand" / Pamela Fox -- Das Flötenkonzert d-Moll von C.P.E. Bach in neuem Licht / Konrad Hünteler -- Tradition und Fortschritt in C.P.E. Bachs Versuch über die wahre Art das Clavier zu spielen / Dieter Gutknecht -- C.P.E. Bach's Versuch and its context in eighteenth-century thorough-bass pedagogy / Thomas Christensen -- Aspekte des satztechnischen Denkens in dem Versuch über die wahre Art das Clavier zu spielen von C.P.E. Bach / Paavo Soinne -- C.P.E. Bach und der Hammerflügel / Eva Badura-Skoda -- Die Orgeln der Anna Amalia von Preuβen von Migendt und Marx / Martin Rost -- Werke C.P.E. Bachs in den böhmischen Sammlungen des 18. und frühen 19. Jahrhunderts / Zdenka Pilková -- Die C.-P.-E.-Bach-Rezeption in Danzig / Joachim Gudel -- Dietrich Ewald von Grothuss : C.P.E. Bachs Korrespondent in Litauen / Leonidas Melnikas -- Friedrich Ludwig Dülons Begegnungen mit C.P.E. Bach im Januar und Februar des Jahres 1783 / Gabriele Busch-Salmen -- C.P.E. Bach und Ludwig van Beethoven / Peter Rummenhöller -- Zur C.-P.-E.-Bach-Rezeption im Wien des frühen 19. Jahrhunderts / Hartmut Krones -- Die Sinfonien C.P.E. Bachs in der Bewertung von Zeitgenossen und Nachgeborenen / Günther Wagner -- Carl Philipp Emanuel und Johann Christina Bach / Susanne Staral. Johannes Brahms / Regula Rapp.
|
| 600 |
1 |
0 |
|a Bach, Carl Philipp Emanuel,
|d 1714-1788
|v Congresses.
|
| 700 |
1 |
|
|a Ottenberg, Hans-Günter.
|
| 710 |
2 |
|
|a Konzerthalle "Carl Philipp Emanuel Bach."
|
| 711 |
2 |
|
|a Frankfurter Festtage der Musik
|n (29th :
|d 1994 :
|c Frankfurt an der Oder)
|
| 830 |
|
0 |
|a Carl-Philipp-Emanuel-Bach-Konzepte.
|p Sonderreihe ;
|v Bd. 2.
|
| 938 |
|
|
|a Otto Harrassowitz
|b HARR
|n har005047877
|c 78.00 DEM
|
| 948 |
|
|
|a c:fp enh
|
| 949 |
|
|
|a updated
|b h
|c 2002/12/10
|e fpiscitelli
|f 5:31:16 pm
|
| 994 |
|
|
|a E0
|b TXA
|
| 999 |
|
|
|a MARS
|
| 999 |
f |
f |
|s 118197b8-57ea-3deb-986e-eaa4b7989ff6
|i 442a4889-ad46-306c-840f-7d526f323076
|t 0
|
| 952 |
f |
f |
|p ric
|a Texas A&M University
|b Rellis Campus
|c Joint Library Facility
|d Remote Storage
|t 0
|e ML410.B16 C37 1998
|h Library of Congress classification
|i unmediated -- volume
|m A14825072273
|
| 998 |
f |
f |
|a ML410.B16 C37 1998
|t 0
|l Remote Storage
|